Electronic devices and circuit theory / (Record no. 188374)
[ view plain ]
| 000 -LEADER | |
|---|---|
| fixed length control field | 01311 a2200229 4500 |
| 003 - CONTROL NUMBER IDENTIFIER | |
| control field | Nust |
| 005 - DATE AND TIME OF LATEST TRANSACTION | |
| control field | 20221125114141.0 |
| 010 ## - LIBRARY OF CONGRESS CONTROL NUMBER | |
| LC control number | 77007565 |
| 020 ## - INTERNATIONAL STANDARD BOOK NUMBER | |
| International Standard Book Number | 0132503409 |
| 040 ## - CATALOGING SOURCE | |
| Transcribing agency | Nust |
| 082 00 - DEWEY DECIMAL CLASSIFICATION NUMBER | |
| Classification number | 621.3815,BOY |
| 100 1# - MAIN ENTRY--PERSONAL NAME | |
| Personal name | Boylestad, Robert L. |
| 9 (RLIN) | 83339 |
| 245 10 - TITLE STATEMENT | |
| Title | Electronic devices and circuit theory / |
| Statement of responsibility, etc. | Robert Boylestad, Louis Nashelsky. |
| 250 ## - EDITION STATEMENT | |
| Edition statement | 2nd ed. / |
| 260 ## - PUBLICATION, DISTRIBUTION, ETC. | |
| Place of publication, distribution, etc. | Englewood Cliffs, N.J. : |
| Name of publisher, distributor, etc. | Prentice-Hall, |
| Date of publication, distribution, etc. | c1978. |
| 300 ## - PHYSICAL DESCRIPTION | |
| Extent | xvi, 701 p. : |
| Other physical details | ill. ; |
| Dimensions | 24 cm. |
| 505 ## - FORMATTED CONTENTS NOTE | |
| Formatted contents note | Two-Terminal Devices (Page-1), Diode Rectifiers and Filters (Page-80), Transistors (BJTs) and Vacuum Tubes (Page-120), DC Biasing (Page-152), Small-Signal Analysis (Page-204), Field-Effect Transistors (Page-283), Multistage Systems Decibels (DB) and Frequency Considerations (Page-322), Large-Signal Amplifiers (Page-378), Pnpn and other Devices (Page-417), Integrated Circuits (ICs) (Page-450), Differential and Operational Amplifiers (Page-471), Feedback Amplifiers and Oscillator Circuits (Page-520), Pulse and Digital Circuits (Page-569), Regulators and Miscellaneous Circuits Applications (Page-594), Cathode Ray Oscilloscope (Page-618). |
| 650 #0 - SUBJECT ADDED ENTRY--TOPICAL TERM | |
| Topical term or geographic name entry element | Electronic apparatus and appliances. |
| 9 (RLIN) | 10193 |
| 650 #0 - SUBJECT ADDED ENTRY--TOPICAL TERM | |
| Topical term or geographic name entry element | Telecommunication Engineering |
| 700 1# - ADDED ENTRY--PERSONAL NAME | |
| Personal name | Nashelsky, Louis, |
| 9 (RLIN) | 96791 |
| 942 ## - ADDED ENTRY ELEMENTS (KOHA) | |
| Source of classification or shelving scheme | |
| Koha item type | Book |
| Withdrawn status | Lost status | Source of classification or shelving scheme | Damaged status | Not for loan | Permanent Location | Current Location | Shelving location | Date acquired | Full call number | Barcode | Date last seen | Price effective from | Koha item type | Public note |
|---|---|---|---|---|---|---|---|---|---|---|---|---|---|---|
| Military College of Signals (MCS) | Military College of Signals (MCS) | General Stacks | 12/12/2016 | 621.3815,BOY | MCS5330 | 12/08/2016 | 12/12/2016 | Book | Almirah No.32, Shelf No.5 |
